Стенограмма 3-го Заседания Совета Национальностей 4-й Сессии ЦИК СССР 6-го созыва. /Авторско-редакционный/

Доступно только в Электронных читальных залах Найти на картеНа карте
RUSMARC
00004871nac2a22003133x 450
001a76f7c33-7b9a-43fe-9547-61aae415b1c8
00520210715161633.0
100##$a20210610l1933 k y0rusy50 ca
1010#$arus
102##$aRU
105##$ay z |||||
1220#$ad19331230
2001#$aСтенограмма 3-го Заседания Совета Национальностей 4-й Сессии ЦИК СССР 6-го созыва. /Авторско-редакционный/
$j30.12.1933
215##$a124 листа
251##$cДело
300##$aЗаголовок дела на папке: Стенограмма 3-го Заседания Совета Национальностей 4-й Сессии ЦИК Союза ССР VI-го созыва. 30-го декабря 1933 года
300##$aАвторско-редакционный экземпляр
300##$aМашинописный и рукописный текст
330##$aВходит в раздел описи: VI-й Съезд Советов. IV-я Сессия ЦИК СССР
461#0$1001796d4672-8a00-4986-b488-6e42273792cc
$12001
$aЦЕНТРАЛЬНЫЙ ИСПОЛНИТЕЛЬНЫЙ КОМИТЕТ СССР (ЦИК СССР)
$1251
$cФонд
$1852
$j3316
$gР
462#0$1001ffc5d47f-75c7-4b00-a108-34d4b382154c
$12001
$aДела VI-го Съезда Советов и 1-й, 2-й, 3-й, 4-й Сессий ЦИК СССР 6-го созыва. 1931-1934 гг.
$vД. 248
$1251
$cОпись
$1852
$j6
5171#$aСтенограмма 3-го Заседания Совета Национальностей 4-й Сессии ЦИК Союза ССР VI-го созыва. 30-го декабря 1933 года
60101$3RU\NLR\AUTH\880357276
$aСССР
$bЦИК
60101$3RU\NLR\AUTH\880399374
$aСССР
$bЦентральный исполнительный комитет
$bСозыв
$c6
$bСессия
$d4
60101$3RU\NLR\AUTH\880398223
$aСССР
$bЦентральный исполнительный комитет
$bСовет национальностей
60102$aСССР. ЦИК. Созыв (6). Сессия (4). Заседание Совета национальностей (3)
801#0$aRU
$bGA_RF
801#1$aRU
$bГлавНИВЦ
$c20210610
$2rusmarc
801#2$aRU
$bПБ им. Б.Н. Ельцина
$c20210715
$gRCR
$2rusmarc
852##$aГА РФ
$j248
937##$d166201903
$hГАРФ
035##$aRuPRLIB51060442
856##$uhttp://readingroom.main.prlib.ru/item.aspx?id_node=n166201903&mode=full
Формат отображения